<?xml version="1.0" encoding="UTF-8"?>
<collection xmlns="http://www.loc.gov/MARC21/slim">
 <record>
  <leader>04871cam a2200925 c 4500</leader>
  <controlfield tag="001">1616542764</controlfield>
  <controlfield tag="003">DE-627</controlfield>
  <controlfield tag="005">20251225200411.0</controlfield>
  <controlfield tag="007">tu</controlfield>
  <controlfield tag="008">970815s1996    it ||||| rc   00| ||ita c</controlfield>
  <datafield tag="020" ind1=" " ind2=" ">
   <subfield code="a">8886291264</subfield>
  </datafield>
  <datafield tag="035" ind1=" " ind2=" ">
   <subfield code="a">(DE-627)1616542764</subfield>
  </datafield>
  <datafield tag="035" ind1=" " ind2=" ">
   <subfield code="a">(DE-576)060781106</subfield>
  </datafield>
  <datafield tag="035" ind1=" " ind2=" ">
   <subfield code="a">(DE-599)BSZ060781106</subfield>
  </datafield>
  <datafield tag="035" ind1=" " ind2=" ">
   <subfield code="a">(ZDB-21-EIL)97180505</subfield>
  </datafield>
  <datafield tag="040" ind1=" " ind2=" ">
   <subfield code="a">DE-627</subfield>
   <subfield code="b">ger</subfield>
   <subfield code="c">DE-627</subfield>
   <subfield code="e">rakwb</subfield>
  </datafield>
  <datafield tag="041" ind1=" " ind2=" ">
   <subfield code="a">ita</subfield>
  </datafield>
  <datafield tag="044" ind1=" " ind2=" ">
   <subfield code="c">XA-IT</subfield>
  </datafield>
  <datafield tag="050" ind1=" " ind2="0">
   <subfield code="a">aNE</subfield>
  </datafield>
  <datafield tag="050" ind1=" " ind2="0">
   <subfield code="a">NE661.R6</subfield>
  </datafield>
  <datafield tag="082" ind1="0" ind2=" ">
   <subfield code="a">769</subfield>
  </datafield>
  <datafield tag="084" ind1=" " ind2=" ">
   <subfield code="a">9,10</subfield>
   <subfield code="2">ssgn</subfield>
  </datafield>
  <datafield tag="084" ind1=" " ind2=" ">
   <subfield code="a">LN 63111</subfield>
   <subfield code="2">rvk</subfield>
   <subfield code="0">(DE-625)rvk/102121:13312</subfield>
  </datafield>
  <datafield tag="084" ind1=" " ind2=" ">
   <subfield code="a">AN 21200</subfield>
   <subfield code="q">DE-24/24sred</subfield>
   <subfield code="2">rvk</subfield>
   <subfield code="0">(DE-625)rvk/5836:</subfield>
  </datafield>
  <datafield tag="084" ind1=" " ind2=" ">
   <subfield code="a">21.31</subfield>
   <subfield code="2">bkl</subfield>
  </datafield>
  <datafield tag="245" ind1="0" ind2="0">
   <subfield code="a">Indice delle stampe intagliate in rame a bulino e in acqua forte esistenti nella stamperia di Lorenzo Filippo De' Rossi</subfield>
   <subfield code="b">contributo alla storia di una stamperia romana</subfield>
   <subfield code="c">Ministero per i Beni Culturali e Ambientali ... A cura di Anna Grelle Iusco</subfield>
  </datafield>
  <datafield tag="263" ind1=" " ind2=" ">
   <subfield code="a">L144000</subfield>
  </datafield>
  <datafield tag="264" ind1=" " ind2="1">
   <subfield code="a">Roma</subfield>
   <subfield code="b">Artemide</subfield>
   <subfield code="c">1996</subfield>
  </datafield>
  <datafield tag="300" ind1=" " ind2=" ">
   <subfield code="a">608 S., [8] leaves of plates</subfield>
   <subfield code="b">Ill.</subfield>
   <subfield code="c">24 cm</subfield>
  </datafield>
  <datafield tag="336" ind1=" " ind2=" ">
   <subfield code="a">Text</subfield>
   <subfield code="b">txt</subfield>
   <subfield code="2">rdacontent</subfield>
  </datafield>
  <datafield tag="337" ind1=" " ind2=" ">
   <subfield code="a">ohne Hilfsmittel zu benutzen</subfield>
   <subfield code="b">n</subfield>
   <subfield code="2">rdamedia</subfield>
  </datafield>
  <datafield tag="338" ind1=" " ind2=" ">
   <subfield code="a">Band</subfield>
   <subfield code="b">nc</subfield>
   <subfield code="2">rdacarrier</subfield>
  </datafield>
  <datafield tag="500" ind1=" " ind2=" ">
   <subfield code="a">Besteht u.a. aus Nachdr. d. Ausg. Roma, 1735</subfield>
  </datafield>
  <datafield tag="583" ind1="1" ind2=" ">
   <subfield code="a">Archivierung/Langzeitarchivierung gewährleistet</subfield>
   <subfield code="f">SSG</subfield>
   <subfield code="x">XA-DE-BW</subfield>
   <subfield code="2">pdager</subfield>
   <subfield code="5">DE-16</subfield>
  </datafield>
  <datafield tag="600" ind1="1" ind2="0">
   <subfield code="a">Rossi, Lorenzo Filippo de'</subfield>
   <subfield code="x">Indice delle stampe intagliate in rame a bulino e in acqua forte esistenti nella stamperia</subfield>
  </datafield>
  <datafield tag="650" ind1=" " ind2="0">
   <subfield code="a">Prints, Italian</subfield>
   <subfield code="x">Catalogs</subfield>
   <subfield code="x">17th century</subfield>
   <subfield code="x">Italy</subfield>
   <subfield code="x">Rome</subfield>
  </datafield>
  <datafield tag="650" ind1=" " ind2="0">
   <subfield code="a">Prints, Italian</subfield>
   <subfield code="x">Catalogs</subfield>
   <subfield code="x">18th century</subfield>
   <subfield code="x">Italy</subfield>
   <subfield code="x">Rome</subfield>
  </datafield>
  <datafield tag="650" ind1=" " ind2="0">
   <subfield code="a">Etching, Italian</subfield>
   <subfield code="x">Catalogs</subfield>
   <subfield code="x">Italy</subfield>
   <subfield code="x">Rome</subfield>
  </datafield>
  <datafield tag="650" ind1=" " ind2="0">
   <subfield code="a">Intaglio printing</subfield>
   <subfield code="x">Catalogs</subfield>
   <subfield code="x">Italy</subfield>
   <subfield code="x">Rome</subfield>
  </datafield>
  <datafield tag="655" ind1=" " ind2="7">
   <subfield code="a">Verzeichnis</subfield>
   <subfield code="0">(DE-588)4188171-0</subfield>
   <subfield code="0">(DE-627)105266639</subfield>
   <subfield code="0">(DE-576)210051078</subfield>
   <subfield code="2">gnd-content</subfield>
  </datafield>
  <datafield tag="655" ind1=" " ind2="7">
   <subfield code="a">Katalog</subfield>
   <subfield code="0">(DE-588)4163417-2</subfield>
   <subfield code="0">(DE-627)105454966</subfield>
   <subfield code="0">(DE-576)209880899</subfield>
   <subfield code="2">gnd-content</subfield>
  </datafield>
  <datafield tag="655" ind1=" " ind2="7">
   <subfield code="a">Quelle</subfield>
   <subfield code="0">(DE-588)4135952-5</subfield>
   <subfield code="0">(DE-627)105661236</subfield>
   <subfield code="0">(DE-576)209665084</subfield>
   <subfield code="2">gnd-content</subfield>
  </datafield>
  <datafield tag="689" ind1="0" ind2="0">
   <subfield code="d">b</subfield>
   <subfield code="0">(DE-588)4493145-1</subfield>
   <subfield code="0">(DE-627)241450837</subfield>
   <subfield code="0">(DE-576)213000385</subfield>
   <subfield code="a">Stamperia alla Pace</subfield>
   <subfield code="2">gnd</subfield>
  </datafield>
  <datafield tag="689" ind1="0" ind2="1">
   <subfield code="d">s</subfield>
   <subfield code="0">(DE-588)4033760-1</subfield>
   <subfield code="0">(DE-627)106256017</subfield>
   <subfield code="0">(DE-576)209003383</subfield>
   <subfield code="a">Kupferstich</subfield>
   <subfield code="2">gnd</subfield>
  </datafield>
  <datafield tag="689" ind1="0" ind2="2">
   <subfield code="d">s</subfield>
   <subfield code="0">(DE-588)4323939-0</subfield>
   <subfield code="0">(DE-627)12843676X</subfield>
   <subfield code="0">(DE-576)211249440</subfield>
   <subfield code="a">Druckform</subfield>
   <subfield code="2">gnd</subfield>
  </datafield>
  <datafield tag="689" ind1="0" ind2=" ">
   <subfield code="5">(DE-627)</subfield>
  </datafield>
  <datafield tag="689" ind1="1" ind2="0">
   <subfield code="d">p</subfield>
   <subfield code="0">(DE-588)123093910</subfield>
   <subfield code="0">(DE-627)082343144</subfield>
   <subfield code="0">(DE-576)214604209</subfield>
   <subfield code="a">Rossi, Lorenzo Filippo de</subfield>
   <subfield code="d">1693-</subfield>
   <subfield code="2">gnd</subfield>
  </datafield>
  <datafield tag="689" ind1="1" ind2="1">
   <subfield code="d">g</subfield>
   <subfield code="0">(DE-588)4050471-2</subfield>
   <subfield code="0">(DE-627)106181963</subfield>
   <subfield code="0">(DE-576)20908751X</subfield>
   <subfield code="a">Rom</subfield>
   <subfield code="2">gnd</subfield>
  </datafield>
  <datafield tag="689" ind1="1" ind2="2">
   <subfield code="d">s</subfield>
   <subfield code="0">(DE-588)4013134-8</subfield>
   <subfield code="0">(DE-627)104665548</subfield>
   <subfield code="0">(DE-576)208901906</subfield>
   <subfield code="a">Druckwerk</subfield>
   <subfield code="2">gnd</subfield>
  </datafield>
  <datafield tag="689" ind1="1" ind2=" ">
   <subfield code="5">(DE-627)</subfield>
  </datafield>
  <datafield tag="689" ind1="2" ind2="0">
   <subfield code="d">p</subfield>
   <subfield code="0">(DE-588)123093910</subfield>
   <subfield code="0">(DE-627)082343144</subfield>
   <subfield code="0">(DE-576)214604209</subfield>
   <subfield code="a">Rossi, Lorenzo Filippo de</subfield>
   <subfield code="d">1693-</subfield>
   <subfield code="2">gnd</subfield>
  </datafield>
  <datafield tag="689" ind1="2" ind2="1">
   <subfield code="d">s</subfield>
   <subfield code="0">(DE-588)4133333-0</subfield>
   <subfield code="0">(DE-627)104483245</subfield>
   <subfield code="0">(DE-576)209643048</subfield>
   <subfield code="a">Druckerei</subfield>
   <subfield code="2">gnd</subfield>
  </datafield>
  <datafield tag="689" ind1="2" ind2="2">
   <subfield code="d">s</subfield>
   <subfield code="0">(DE-588)4033760-1</subfield>
   <subfield code="0">(DE-627)106256017</subfield>
   <subfield code="0">(DE-576)209003383</subfield>
   <subfield code="a">Kupferstich</subfield>
   <subfield code="2">gnd</subfield>
  </datafield>
  <datafield tag="689" ind1="2" ind2="3">
   <subfield code="d">s</subfield>
   <subfield code="0">(DE-588)4048166-9</subfield>
   <subfield code="0">(DE-627)106192051</subfield>
   <subfield code="0">(DE-576)209076429</subfield>
   <subfield code="a">Radierung</subfield>
   <subfield code="2">gnd</subfield>
  </datafield>
  <datafield tag="689" ind1="2" ind2="4">
   <subfield code="a">z</subfield>
   <subfield code="2">gnd</subfield>
   <subfield code="a">Geschichte 1735</subfield>
  </datafield>
  <datafield tag="689" ind1="2" ind2=" ">
   <subfield code="5">(DE-627)</subfield>
  </datafield>
  <datafield tag="700" ind1="1" ind2=" ">
   <subfield code="a">Grelle Iusco, Anna</subfield>
   <subfield code="d">1936-2005</subfield>
   <subfield code="e">Hrsg.</subfield>
   <subfield code="0">(DE-588)138867542</subfield>
   <subfield code="0">(DE-627)606706852</subfield>
   <subfield code="0">(DE-576)165570490</subfield>
   <subfield code="4">edt</subfield>
  </datafield>
  <datafield tag="700" ind1="1" ind2=" ">
   <subfield code="a">Rossi, Lorenzo Filippo de</subfield>
   <subfield code="d">1693-</subfield>
   <subfield code="0">(DE-588)123093910</subfield>
   <subfield code="0">(DE-627)082343144</subfield>
   <subfield code="0">(DE-576)214604209</subfield>
   <subfield code="4">oth</subfield>
  </datafield>
  <datafield tag="710" ind1="2" ind2=" ">
   <subfield code="a">Italien</subfield>
   <subfield code="b">Ministero per i beni culturali e ambientali</subfield>
   <subfield code="0">(DE-588)1047021-9</subfield>
   <subfield code="0">(DE-627)100096395</subfield>
   <subfield code="0">(DE-576)191418358</subfield>
   <subfield code="4">oth</subfield>
  </datafield>
  <datafield tag="751" ind1=" " ind2=" ">
   <subfield code="a">Rom</subfield>
   <subfield code="0">(DE-588)4050471-2</subfield>
   <subfield code="0">(DE-627)106181963</subfield>
   <subfield code="0">(DE-576)20908751X</subfield>
   <subfield code="4">pup</subfield>
  </datafield>
  <datafield tag="787" ind1="0" ind2="8">
   <subfield code="i">Rezensiert in</subfield>
   <subfield code="a">Leuschner, Eckhard, 1966 - </subfield>
   <subfield code="t">[Rezension von: Francesca Consagra, The De Rossi Family Print Publishing Shop - Anna Grelle lusco, Indice delle Stampe De Rossi]</subfield>
   <subfield code="d">1998</subfield>
   <subfield code="w">(DE-627)186267583X</subfield>
  </datafield>
  <datafield tag="889" ind1=" " ind2=" ">
   <subfield code="w">(DE-627)237240998</subfield>
  </datafield>
  <datafield tag="935" ind1=" " ind2=" ">
   <subfield code="i">mdedup</subfield>
  </datafield>
  <datafield tag="936" ind1="r" ind2="v">
   <subfield code="a">LN 63111</subfield>
   <subfield code="b">Sonstiges</subfield>
   <subfield code="k">Kunstgeschichte</subfield>
   <subfield code="k">Kunst nach Ländern bzw. Kontinenten</subfield>
   <subfield code="k">Italien</subfield>
   <subfield code="k">Kunsttopografie Italiens</subfield>
   <subfield code="k">Alphabetische Liste der italienischen Orte</subfield>
   <subfield code="k">Orte R</subfield>
   <subfield code="k">Rom</subfield>
   <subfield code="k">Kunstgeschichte</subfield>
   <subfield code="k">Sonstiges</subfield>
   <subfield code="0">(DE-627)1270705148</subfield>
   <subfield code="0">(DE-625)rvk/102121:13312</subfield>
   <subfield code="0">(DE-576)200705148</subfield>
  </datafield>
  <datafield tag="936" ind1="r" ind2="v">
   <subfield code="a">AN 21200</subfield>
   <subfield code="b">Geschichte einzelner Drucker und Werkstätten</subfield>
   <subfield code="k">Allgemeines</subfield>
   <subfield code="k">Buch- und Bibliothekswesen, Informationswissenschaft</subfield>
   <subfield code="k">Buchwesen</subfield>
   <subfield code="k">Geschichte des Buchdrucks</subfield>
   <subfield code="k">Geschichte einzelner Drucker und Werkstätten</subfield>
   <subfield code="0">(DE-627)1270676601</subfield>
   <subfield code="0">(DE-625)rvk/5836:</subfield>
   <subfield code="0">(DE-576)200676601</subfield>
  </datafield>
  <datafield tag="936" ind1="b" ind2="k">
   <subfield code="a">21.31</subfield>
   <subfield code="j">Graphische Technik</subfield>
   <subfield code="j">Graphisches Material</subfield>
   <subfield code="x">Kunst</subfield>
   <subfield code="0">(DE-627)106421786</subfield>
  </datafield>
  <datafield tag="951" ind1=" " ind2=" ">
   <subfield code="a">BO</subfield>
  </datafield>
  <datafield tag="990" ind1=" " ind2=" ">
   <subfield code="a">Stamperia alla Pace</subfield>
  </datafield>
  <datafield tag="990" ind1=" " ind2=" ">
   <subfield code="a">Kupferstich</subfield>
  </datafield>
  <datafield tag="990" ind1=" " ind2=" ">
   <subfield code="a">Druckform</subfield>
  </datafield>
  <datafield tag="990" ind1=" " ind2=" ">
   <subfield code="a">Rossi, Lorenzo Filippo de</subfield>
  </datafield>
  <datafield tag="990" ind1=" " ind2=" ">
   <subfield code="a">Rom</subfield>
  </datafield>
  <datafield tag="990" ind1=" " ind2=" ">
   <subfield code="a">Druckwerk</subfield>
  </datafield>
  <datafield tag="990" ind1=" " ind2=" ">
   <subfield code="a">Rossi, Lorenzo Filippo de</subfield>
  </datafield>
  <datafield tag="990" ind1=" " ind2=" ">
   <subfield code="a">Druckerei</subfield>
  </datafield>
  <datafield tag="990" ind1=" " ind2=" ">
   <subfield code="a">Kupferstich</subfield>
  </datafield>
  <datafield tag="990" ind1=" " ind2=" ">
   <subfield code="a">Radierung</subfield>
  </datafield>
  <datafield tag="990" ind1=" " ind2=" ">
   <subfield code="a">Geschichte 1735</subfield>
  </datafield>
  <datafield tag="991" ind1=" " ind2=" ">
   <subfield code="a">Rezensiertes Werk</subfield>
  </datafield>
  <datafield tag="999" ind1=" " ind2=" ">
   <subfield code="a">KXP-PPN1616542764</subfield>
   <subfield code="e">4921541043</subfield>
  </datafield>
 </record>
</collection>
